Cómo acercarse a las Artes, las Ciencias, las Humanidades /
"La Financiera Nacional Azucarera, S. A. recoge en este volumen 41 artículos publicados previamente en su boletín mensual. Dada la importancia de los temas tratados y el prestigio de sus autores (C. Monsiváis, J. E. Pacheco, J. O'Gorman, E. Matos, J. Sarukhán, H. Aguilar Camín, entre otros), es ésta...
Guardado en:
| 主要作者: | |
|---|---|
| 格式: | 圖書 |
| 語言: | 西班牙语 |
| 出版: |
México :
Financiera Nacional Azucarera,
1981
|
| 主題: | |
| 標簽: |
沒有標簽, 成為第一個標記此記錄!
|
MARC
| LEADER | 00000nam^a2200000^a^4500 | ||
|---|---|---|---|
| 001 | 000036325 | ||
| 005 | 20250521000000.0 | ||
| 009 | 20260310085344.322 | ||
| 037 | |a Acervo ITESO - Biblioteca | ||
| 041 | |a ESP | ||
| 082 | |a 001. 3 |b OTE | ||
| 100 | |a Oteyza, María Luisa |e (comp.) | ||
| 245 | 1 | 0 | |a Cómo acercarse a las Artes, las Ciencias, las Humanidades / |c M. L. Oteyza (Comp.). |
| 264 | 1 | |a México : |b Financiera Nacional Azucarera, |c 1981 | |
| 300 | |a 371 p. | ||
| 336 | |a texto |b txt |2 rdacontenido | ||
| 337 | |a sin mediación |b n |2 rdamedio | ||
| 338 | |a volumen |b nc |2 rdasoporte | ||
| 520 | |a "La Financiera Nacional Azucarera, S. A. recoge en este volumen 41 artículos publicados previamente en su boletín mensual. Dada la importancia de los temas tratados y el prestigio de sus autores (C. Monsiváis, J. E. Pacheco, J. O'Gorman, E. Matos, J. Sarukhán, H. Aguilar Camín, entre otros), es ésta una recopilación digna de integrar un libro de indudable valor didáctico y cultural. | ||
| 649 | |a XX | ||
| 650 | |a Arte - |x Historia y Crítica | ||
| 650 | |a Ciencia | ||
| 650 | |a Humanidades | ||
| 910 | |a Fondo General | ||
| 920 | |a Impresos - Libros | ||
| 930 | |a Colección General | ||
| 905 | |a 101 | ||
| 901 | |a 0363250100 |b IT1 |c ACC |i 036325 |u 20250521 | ||
| 902 | |a https://opac.biblio.iteso.mx/vufind/Record/000036325 | ||